Property rites : the Rhinelander trial, passing, and the protection of whiteness /
| Main Author: | |
|---|---|
| Format: | eBook |
| Language: | English |
| Published: |
Chapel Hill :
University of North Carolina Press,
[2009]
|
| Series: | UNC Press law publications.
Slavery in America and the world: history, culture & law. New York legal research library. World trials library. |
| Subjects: | |
| Online Access: | Connect to the full text of this electronic book |
MARC
| Tag | First Indicator | Second Indicator | Subfields |
|---|---|---|---|
| LEADER | 00000cam a2200000 i 4500 | ||
| 001 | in00004409155 | ||
| 005 | 20210123194147.0 | ||
| 006 | m fo d | ||
| 007 | cr bn nnnauuuu | ||
| 008 | 161001s2009 ncua ob 001 0 eng d | ||
| 035 | |a ccn00777386 | ||
| 040 | |a NjRocCCS |b eng |e rda |c NjRocCCS | ||
| 043 | |a n-us-ny | ||
| 050 | 4 | |a KF228.R486 |b S62 2009 | |
| 100 | 1 | |a Smith-Pryor, Elizabeth M., |e author. | |
| 245 | 1 | 0 | |a Property rites : |b the Rhinelander trial, passing, and the protection of whiteness / |c Elizabeth M. Smith-Pryor. |
| 264 | 1 | |a Chapel Hill : |b University of North Carolina Press, |c [2009] | |
| 264 | 2 | |a [Getzville, New York] : |b William S. Hein and Company, |c [2016] | |
| 300 | |a 1 online resource (xiii, 391 pages) : |b illustrations. | ||
| 336 | |a text |b txt |2 rdacontent | ||
| 337 | |a computer |b c |2 rdamedia | ||
| 338 | |a online resource |b cr |2 rdacarrier | ||
| 490 | 1 | |a HeinOnline UNC Press law publications | |
| 490 | 1 | |a HeinOnline slavery in America and the world: history, culture & law | |
| 490 | 1 | |a HeinOnline New York legal research library | |
| 490 | 1 | |a HeinOnline world trials | |
| 588 | |a Description based on PDF title page, viewed October 1, 2016. | ||
| 504 | |a Includes bibliographical references (pages 254-372) and index. | ||
| 505 | 0 | |a Curious acts -- "All mixed up" in New York -- The trial begins -- Passing and the "seemingly absurd question" of race -- Defending the citadel of whiteness from the "awful stain" -- The trial continues : degeneracy, modern love, and "filthy letters" -- "Poor little cupid" and the marriage contract -- Blind love and the visibility of race -- The trial ends. | |
| 600 | 1 | 0 | |a Rhinelander, Leonard Kip |v Trials, litigation, etc. |
| 600 | 1 | 0 | |a Jones, Alice Beatrice |v Trials, litigation, etc. |
| 650 | 0 | |a Trials (Divorce) |z New York (State) |z Westchester County. | |
| 650 | 0 | |a Marriage |x Annulment |z New York (State) |z Westchester County. | |
| 650 | 0 | |a Interracial marriage |z New York (State) |z Westchester County. | |
| 650 | 0 | |a Scandals |z New York (State) |z Westchester County. | |
| 655 | 7 | |a Electronic books. |2 local | |
| 776 | 0 | 8 | |c Original |w (DLC) 2008047143 |z 9780807859391 |
| 830 | 0 | |a UNC Press law publications. | |
| 830 | 0 | |a Slavery in America and the world: history, culture & law. | |
| 830 | 0 | |a New York legal research library. | |
| 830 | 0 | |a World trials library. | |
| 856 | 4 | 0 | |u http://proxy.library.tamu.edu/login?url=https://www.heinonline.org/HOL/Page?handle=hein.slavery/uncaacg0001&id=1&size=2&collection=slavery&index=slaveryunc |z Connect to the full text of this electronic book |t 0 |
| 949 | |a KF 228 .R486 S62 2009 |w LC |c 1 |i 777386-1001 |d 10/28/2019 |l MAIN |m HEN |q 2 |r Y |s Y |t WEB |u 10/1/2016 |x ENG |z N-US-NY | ||
| 999 | f | f | |s c958710f-5c6f-356d-97fc-ef9305162800 |i 8d237c89-e8e6-313c-813b-ffca0aedc80d |t 0 |
| 952 | f | f | |a Texas A&M University |b College Station |c Electronic Resources |d Available Online |t 0 |e KF228.R486 S62 2009 |h Library of Congress classification |
| 998 | f | f | |a KF228.R486 S62 2009 |t 0 |l Available Online |